Biblioteca

íAnimales Divertidos! (Registro nro. 49053)

Detalles MARC
000 -LÍDER
Campo fijo de descripción fija 003120000a22001450004500
020 ## - NÚMERO INTERNACIONAL NORMALIZADO PARA LIBROS
Número Internacional Normalizado del libro 978-958-30-2428-3
082 04 - NÚMERO DE CLASIFICACIÓN DECIMAL DEWEY
Número de clasificación B P1918a
001 - NÚMERO DE CONTROL
Campo de control 1900
110 1# - ASIENTO PRINCIPAL--NOMBRE CORPORATIVO
Nombre corporativo o de jurisdicción como elemento de entrada Panameriana Editorial
245 10 - TÍTULO
Título del Material íAnimales Divertidos!
260 ## - PUBLICACIÓN, DISTRIBUCIÓN, ETC. (PIE DE IMPRENTA)
Lugar de publicación, distribución, etc. China
300 ## - DESCRIPCIÓN FÍSICA
Extensión 8 Pag
500 ## - NOTA GENERAL
Nota General Liro en tela para bebes
942 ## - TIPO DE MATERIAL (KOHA)
Tipo de Item KOHA Z- Libro General BINCO
Existencias
Estado de Material Estado de Perdido Estado de Dañado No para Préstamo Tomo Biblioteca de Origen Biblioteca Permanente Fecha de Adquisición Total de Préstamos Signatura Topográfica Código de Barras Prestado Última vez visto Última vez Préstado Ejemplar/Existencia Fecha de Remplazo Tipo de Material
          Biblioteca Infantil Comunitaria BINCO Biblioteca Infantil Comunitaria BINCO 07/05/2009 1 B P1918a B32501 27/03/2024 13/03/2024 13/03/2024 1 26/01/2016 Z- Libro General BINCO

Biblioteca FUSBC | Teléfono: (57+4) 349 88 10 Ext. 141| WhatsApp (+57) 3005338115 
E-mail: biblioteca@unisbc.edu.co | Calle 76 87-14 Robledo Palenque, Medellín, Colombia

Con tecnología Koha